| 000 | 00680nam a22002177a 4500 | ||
|---|---|---|---|
| 005 | 20251108175101.0 | ||
| 008 | 250721s2011 xx 000 0 ara d | ||
| 020 | _a9775832578 | ||
| 082 | 1 | 4 | _a158/بير |
| 100 | 1 | _aبيرسون، رالف | |
| 245 | 1 | 0 | _aالعادات السبع للناس الأكثر فاعلية / |
| 264 | 1 |
_aالقاهرة : _bالحرية للنشر والتوزيع، _c2011. |
|
| 300 | _a400 ص. | ||
| 650 | 1 | 7 | _aعلم النفس التطبيقي |
| 650 | 1 | 7 | _aعلم النفس |
| 650 | 1 | 7 | _aحرية الإرادة |
| 653 | _aالإيجابية | ||
| 700 | 1 |
_aكمال، ايهاب _eمترجم |
|
| 942 |
_2ddc _cBK |
||
| 999 |
_c125787 _d125787 |
||